Ensinar história no século XXI: em busca do tempo entendido

Saved in:
Bibliografiske detaljer
Main Authors: Silva, Marcos (Author), Guimaraes Fonseca, Selva (Author)
Format: Bog
Sprog:portugisisk
Udgivet: Sao Paulo Papirus 2007
Fag:
Tags: Tilføj Tag
Ingen Tags, Vær først til at tagge denne postø!

MARC

LEADER 00000nam a2200000 a 4500
001 UCH9261
003 CL-VaPUC
008 091231e20070000BL |||||||||||||||||por|d
020 |a 9788530808518 
082 0 4 |a 907  |b SIL  |2 21 
100 0 |a Silva, Marcos  |e author  |9 546202 
700 0 |a Guimaraes Fonseca, Selva  |e author  |9 546203 
245 1 0 |a Ensinar história no século XXI: em busca do tempo entendido 
300 |a 144 p 
942 |c BK 
945 |d 20091231 00:00:00  |a rbrito 
260 |a Sao Paulo  |b Papirus  |c 2007 
650 0 |a Enseñanza de la historia   |9 307330 
650 0 |a Historia  |9 255047 
650 0 |a Formación profesional de profesores  |9 307493 
583 |a last modification  |c 20091231 00:00:00  |k Rodrigo Vera 
999 |c 339276  |d 339274 
952 |0 0  |1 0  |4 0  |6 907_000000000000000_SIL_2007  |7 0  |8 A  |9 432827  |a BIBHIS  |b BIBHIS  |d 2019-11-22  |i 4629213  |o 907 SIL 2007  |p 4629213  |r 2025-01-20  |w 2019-11-22  |y BK  |k HIS